Țările slave – quiz pe hartă - Statistics

General Stats
  • This quiz has been taken 13 times
  • The average score is 11 of 13
Answers on the Map
Answers color-coded by a green-red scale on the quiz's map according to % correct below.
 
Answer Stats
Answer % Correct
Croația
100%
Belarus
90%
Bosnia și Herțegovina
90%
Bulgaria
90%
Polonia
90%
Rusia
90%
Serbia
90%
Ucraina
90%
Cehia
80%
Macedonia de Nord
80%
Muntenegru
70%
Slovenia
70%
Slovacia
60%
No matching quizzes found
Score Distribution
Percent of People with Each Score
Percentile by Number Answered
Your Score History
You have not taken this quiz